| 000 | 00670 a2200205 4500 | ||
|---|---|---|---|
| 001 | 54571 | ||
| 005 | 20260407155819.0 | ||
| 008 | 260407a1987 arg spa d | ||
| 003 | AR-UNSa-BCEJYS | ||
| 040 |
_aAR-UNSa-BCEJYS _bspa _cAR-UNSa-BCEJYS |
||
| 080 |
_a336.226.1 _xImpuestos a las ganancias o los beneficios (Impuesto Diferido) |
||
| 245 | 1 | 0 |
_aImpuesto sobre los beneficios eventuales _panálisis integral |
| 020 | _a950-9109-58-4 | ||
| 264 | 1 |
_aBuenos Aires : _bTesis _c1987 |
|
| 300 |
_a221 p. _c22 cm. |
||
| 505 | _a1. Introducción - 2. Análisis Legal | ||
| 942 | _cBK | ||
| 590 | _aniveau_biblio:m niveau_hierar:0 | ||
| 100 | 1 | _aCastiñera Basalo, Manuel A. | |
| 999 |
_c5649 _d5649 |
||